|
|
|
|
| LEADER |
00588cam a2200193 a 4500 |
| 001 |
0000065926 |
| 005 |
20030402090000.0 |
| 040 |
|
|
|a mod
|
| 041 |
|
|
|a eng
|
| 020 |
0 |
0 |
|a 9835037795
|
| 090 |
0 |
0 |
|a 428.2076
|b YEO
|e 2002
|
| 100 |
1 |
0 |
|a Yeo
|h L.P
|
| 245 |
1 |
0 |
|a Bahasa Inggeris
|c L. P. Yeo
|
| 260 |
0 |
0 |
|a Bangi
|b Penerbitan Pelangi
|c 2002
|
| 300 |
0 |
0 |
|a Pelbagai mukasurat
|b ill.
|c 25cm
|
| 440 |
0 |
0 |
|a Skor A dalam UPSR
|
| 650 |
0 |
0 |
|a English language
|x Examinations, questions, etc.
|
| 650 |
0 |
0 |
|a English language
|x Study and teaching (Primary)
|
| 999 |
|
|
|a 0213476
|b 3 BGD
|d BOOKS
|e Buku Teks
|f 3 BGD
|j AVAILABLE
|q GOOD CONDITION
|